| 000 | 01247nam a2200325 i 4500 | ||
|---|---|---|---|
| 001 | 000027380 | ||
| 003 | DO-SdBNP | ||
| 005 | 20260531021637.0 | ||
| 007 | ta | ||
| 008 | 110331s1988 dr 000 0 spa d | ||
| 040 |
_aDO-SdBNP _bspa _cBNPHU _erda |
||
| 041 | _aspa | ||
| 082 | 4 |
_a972.930208 _bF363c _223 |
|
| 100 |
_4aut. _aFernández de Oviedo, Gonzalo, _d1478-1557 _eautor _989813 |
||
| 245 | 0 | 0 |
_aCrónicas escogidas / _cOviedo, Las Casas ; prólogo y notas de, Jorge Tenas Reyes. |
| 264 |
_aSanto Domingo : _bEdiciones de la Fundación Corripio, _c1988 |
||
| 300 |
_a641 páginas : _bilustraciones ; _c23 cm |
||
| 336 |
_atexto _btxt _2rdacontent |
||
| 337 |
_asin mediación _bn _2rdamedia |
||
| 338 |
_avolumen _bnc _2rdacarrier |
||
| 490 | 1 |
_aBiblioteca de Clásicos Dominicanos ; _v4 |
|
| 490 | 1 |
_aLos precursores ; _v4 |
|
| 500 | _aIncluye referencias bibliográficas y notas al pie de las páginas | ||
| 504 | _aBibliografía: p. 627-630 | ||
| 600 |
_aCasas, Bartolomé de las, _d1474-1566 |
||
| 651 |
_aAmérica _xDescubrimiento y exploraciones _vFuentes _989814 |
||
| 700 | 1 |
_aTenas Reyes, Jorge, _epróloguista _954454 _4pról. |
|
| 830 | 0 |
_aBiblioteca de Clásicos Dominicanos _plos precursores _v4 _954455 _n4 |
|
| 942 |
_2ddc _cLBS1 |
||
| 999 |
_c26872 _d26872 |
||